| 000 | 01454cad a22002295a 4500 | ||
|---|---|---|---|
| 001 | L149691 | ||
| 008 | 090218s2010 xxkad f s 000 0 eng d | ||
| 035 | _a(Sirsi) u149691 | ||
| 041 | 0 | _aeng | |
| 050 | 0 | 4 | _a333.32 $2 18 |
| 110 | 2 |
_aLambert Smith Hampton _92865 |
|
| 245 | 0 | 0 |
_aNational industrial and distribution report _b2010 _h[electronic resource] |
| 260 |
_a[S.l.] _bLambert Smith Hampton _c2010 |
||
| 490 | 0 |
_aLambert Smith Hampton National Industrial and Distribution Report _v2010 |
|
| 520 | _aAcute shortages in prime industrial stock could drive speculative development in certain areas as early as the end of 2010. Take-up in the occupational market improved in the latter half of 2009 to record a 10% increase on the previous year's level. The UK industrial market availability rate rose as a whole to 8.9% by the end of 2009 from 7.3% at the end of 2008. New space on the market fell below 60m sq ft, a decline of -19% from 2008. Recovery in demand which began in the second half of 2009 is expected to continue and take-up in early 2010 looks strong. | ||
| 590 | _aKA NTK | ||
| 650 | 2 | 4 | _aLAMBERT SMITH HAMPTON NATIONAL INDUSTRIAL AND DISTRIBUTION REPORT |
| 651 | 4 |
_aUnited Kingdom _y |
|
| 690 | _aPROPERTY-COMMERCIAL PROPERTY-COMMERCIAL PROPERTY MARKET | ||
| 856 | 4 | 0 |
_uhttps://www.lsh.co.uk/images/cms/LSH_National_Industrial_and_Distribution_Report_2010%281%29.pdf _zView the item free of charge at www.lsh.co.uk... |
| 942 | _n0 | ||
| 999 |
_c110600 _d110600 |
||